Statistics for Disney Live Action Characters

Click here to take the quiz!

General Stats

  • This quiz has been taken 698 times
    (697 since last reset)
  • The average score is 9 of 28

Answer Stats

Description Character % Correct
Strong sailor (when he eats spinach!)Popeye
82%
Hater of cute dalmatian puppiesCruella De Vil
81%
Volkswagen with a mind of its ownHerbie, the love bug
72%
Miley Stewart's stage nameHannah Montana
70%
Commander of the Black PearlCaptain Jack Sparrow
69%
Curly-topped orphan with a dogLittle Orphan Annie
67%
British nanny with special powersMary Poppins
67%
"Watch out for that tree!"George of the Jungle
53%
The reluctant princess of GenoviaMia Thermopolis Rinaldi
41%
Loves to say "Off with their heads!"The Red Queen
38%
A perky princess lost in New YorkGiselle
34%
The friendly faun of NarniaMr. Tumnus
31%
Big yellow dog with a heart of goldOld Yeller
25%
King of the Wild FrontierDavy Crockett
23%
Horse who wins the Triple CrownSecretariat
22%
He invoked the Santa ClauseScott Calvin
18%
Enigmatic captain of the NautilusCaptain Nemo
17%
He finally found the National TreasureBenjamin Franklin Gates
17%
He can see the Angels in the OutfieldRoger Bowman
16%
Ever-optimistic child with a surly auntPollyanna
10%
The narrator in Song of the SouthUncle Remus
8%
Coached T.C. Williams to a state titleHerman Boone
7%
Private investigator in ToontownEddie Valiant
5%
From prospector to Martian heroJohn Carter
5%
Tess Trueheart's detective boyfriendDick Tracy
4%
Oh no! He shrunk his kids!Wayne Szalinski
3%
The RookieJimmy Morris
1%
He discovered "flubber"Professor Philip Brainard
1%

Score Distribution

Percentile by Number Answered

Percent of People with Each Score

Your Score History

You have not taken this quiz since the last reset